00965nam a22001577a 4500003000900000005001700009008004100026040001300067082001500080245008600095246003700181260025500218300002700473650022400500700008300724BDDh-ASL20231015030956.0220602s2022 b ||||| |||| 00| 0 b d cBDDh-ASL a923.2bTUN0 aটুঙ্গিপাড়া:bহৃদয়ে পিতৃভূমি / aTungipara: Hridoye Pritibhumi.  aঢাকা: bজাতির পিতা বঙ্গবন্ধু শেখ মুজিবুর রহমানের জন্মশর্তবার্ষিকী উদযাপন জাতীয় কমিটি, c২০২২।  c২২ সে.মি.  0aবঙ্গবন্ধু (Bangabandhu) শেখ মুজিবুর রহমান (Sheikh Mujibur Rahman) xমুক্তিযুদ্ধ (Muktijuddha) Liberation War zবাংলাদেশ (Bangladesh) 1 aচৌধুরী, কামাল আবদুল নাসের cড.